[Event "Campinas Itu 5th"]
[Site "Campinas"]
[Date "2011.08.28"]
[Round "?"]
[White "Oliveira, Silvio Eduardo"]
[Black "Mugenato, Thiago Ricardo"]
[Result "1-0"]
[WhiteElo "2333"]
[BlackElo "1924"]
[PlyCount "21"]
[EventDate "2011.08.06"]
[EventType "tourn"]
[EventRounds "14"]
[EventCountry "BRA"]
[SourceTitle "EXT 2022"]
[Source "ChessBase"]
[SourceDate "2021.10.06"]
[SourceVersion "1"]
[SourceVersionDate "2021.10.06"]
[SourceQuality "1"]

1. d4 Nf6 2. Nf3 e6 3. Bg5 Be7 4. e3 d5 5. Bd3 c5 6. c3 b6 7. 0-0 Ba6 8. Bxa6 Nxa6 9. Qa4+ Nd7 10. Bxe7 Qxe7 11. Qxa6 1-0

[Event "Campinas Itu 5th"]
[Site "Campinas"]
[Date "2011.08.27"]
[Round "?"]
[White "Mugenato, Thiago Ricardo"]
[Black "Freitas, Romeu Salvador"]
[Result "0-1"]
[WhiteElo "1924"]
[BlackElo "2200"]
[PlyCount "62"]
[EventDate "2011.08.06"]
[EventType "tourn"]
[EventRounds "14"]
[EventCountry "BRA"]
[SourceTitle "EXT 2022"]
[Source "ChessBase"]
[SourceDate "2021.10.06"]
[SourceVersion "1"]
[SourceVersionDate "2021.10.06"]
[SourceQuality "1"]

1. d4 Nf6 2. c4 c5 3. d5 e6 4. Nc3 exd5 5. cxd5 d6 6. e4 g6 7. Nf3 Bg7 8. Bd3 Bg4 9. h3 Bxf3 10. Qxf3 0-0 11. 0-0 a6 12. a4 Nbd7 13. Re1 Re8 14. a5 Ne5 15. Qe2 Nxd3 16. Qxd3 Nd7 17. Bf4 Be5 18. Bxe5 Nxe5 19. Qd2 Nc4 20. Qc2 Nxa5 21. f4 c4 22. e5 Nb3 23. Rad1 b5 24. e6 Qe7 25. exf7+ Qxf7 26. Rf1 Qf5 27. Qf2 Nc5 28. g4 Qf6 29. f5 b4 30. Ne2 Nd3 31. Qf3 Nxb2 0-1

[Event "Campinas Itu 5th"]
[Site "Campinas"]
[Date "2011.08.26"]
[Round "?"]
[White "Grillo, Cloves Moises"]
[Black "Mugenato, Thiago Ricardo"]
[Result "0-1"]
[WhiteElo "1710"]
[BlackElo "1924"]
[PlyCount "54"]
[EventDate "2011.08.06"]
[EventType "tourn"]
[EventRounds "14"]
[EventCountry "BRA"]
[SourceTitle "EXT 2022"]
[Source "ChessBase"]
[SourceDate "2021.10.06"]
[SourceVersion "1"]
[SourceVersionDate "2021.10.06"]
[SourceQuality "1"]

1. d4 Nf6 2. c4 e6 3. Nf3 d5 4. Nbd2 c6 5. e3 Bd6 6. Be2 0-0 7. 0-0 Nbd7 8. b3 Ne4 9. Bb2 f5 10. Qc2 Rf6 11. Nxe4 fxe4 12. Nd2 Rg6 13. g3 Qh4 14. Rac1 Qh3 15. Rfe1 Rh6 16. Nf1 Rf6 17. Qd2 h5 18. Bc3 h4 19. Bb4 Bxb4 20. Qxb4 Qf5 21. f4 exf3 22. Bxf3 Qxf3 23. cxd5 Qf2+ 24. Kh1 hxg3 25. Nxg3 Rh6 26. Nf1 Nf6 27. Qd2 Rxh2+ 0-1

[Event "Campinas Itu 5th"]
[Site "Campinas"]
[Date "2011.08.21"]
[Round "7"]
[White "Mugenato, Thiago Ricardo"]
[Black "Oliveira, Silvio Eduardo"]
[Result "0-1"]
[WhiteElo "1924"]
[BlackElo "2333"]
[PlyCount "59"]
[EventDate "2011.08.06"]
[EventType "tourn"]
[EventRounds "14"]
[EventCountry "BRA"]
[SourceTitle "EXT 2022"]
[Source "ChessBase"]
[SourceDate "2021.10.06"]
[SourceVersion "1"]
[SourceVersionDate "2021.10.06"]
[SourceQuality "1"]

1. d4 Nf6 2. c4 e6 3. Nc3 Bb4 4. e3 0-0 5. Nge2 d5 6. a3 Be7 7. Ng3 c5 8. Bd3 cxd4 9. exd4 dxc4 10. Bxc4 Qc7 11. Qe2 Nc6 12. Be3 Rd8 13. Rd1 Bxa3 14. bxa3 Na5 15. Nce4 Nxe4 16. Nxe4 Nxc4 17. 0-0 b5 18. Nc5 Bd7 19. a4 a6 20. Rb1 e5 21. dxe5 Qxe5 22. Nxd7 Rxd7 23. Qf3 Rad8 24. axb5 axb5 25. Rfe1 Qc3 26. Rbc1 Qb2 27. Rb1 Qc2 28. Bg5 f6 29. Bh4 Ne5 30. Qa3 0-1

[Event "Itu LCX 22nd"]
[Site "Itu"]
[Date "2011.04.04"]
[Round "7"]
[White "Mugenato, Thiago Ricardo"]
[Black "Grillo, Cloves Moises"]
[Result "1-0"]
[WhiteElo "1939"]
[BlackElo "1725"]
[PlyCount "117"]
[EventDate "2011.03.23"]
[EventType "tourn"]
[EventRounds "11"]
[EventCountry "BRA"]
[SourceTitle "EXT 2022"]
[Source "ChessBase"]
[SourceDate "2021.10.06"]
[SourceVersion "1"]
[SourceVersionDate "2021.10.06"]
[SourceQuality "1"]

1. d4 f5 2. Nf3 Nf6 3. g3 g6 4. Bg2 Bg7 5. 0-0 0-0 6. c4 d6 7. Nc3 Nc6 8. b3 e5 9. dxe5 Nxe5 10. Ba3 Qe7 11. Nxe5 Qxe5 12. Rc1 Ne4 13. Nxe4 fxe4 14. Qd5+ Kh8 15. Qxe5 Bxe5 16. Bxe4 Bh3 17. Rfd1 Rab8 18. f4 Bf6 19. c5 dxc5 20. Bxc5 Rfe8 21. Bxa7 Ra8 22. Bd4 Bxd4+ 23. Rxd4 Rxa2 24. Bf3 c6 25. Kf2 Rb2 26. Rc3 h5 27. b4 Bg4 28. Bxg4 hxg4 29. Re3 Rxe3 30. Kxe3 Rb3+ 31. Ke4 Rb2 32. e3 Rxh2 33. Rd8+ Kg7 34. Rd7+ Kf6 35. Rxb7 Rg2 36. Rc7 Rxg3 37. Rxc6+ Kf7 38. Rc1 Rg2 39. Rb1 Ke6 40. b5 Kd7 41. b6 Kc8 42. b7+ Kb8 43. Ke5 Re2 44. Kf6 Rxe3 45. Kxg6 g3 46. f5 g2 47. Rg1 Rg3+ 48. Kf7 Kxb7 49. f6 Kc6 50. Ke7 Re3+ 51. Kf8 Rg3 52. f7 Kd7 53. Rd1+ Ke6 54. Ke8 Ra3 55. Re1+ Kd5 56. f8Q Ra8+ 57. Ke7 Rxf8 58. Kxf8 Kd4 59. Rg1 1-0

[Event "Itu LCX 22nd"]
[Site "Itu"]
[Date "2011.03.24"]
[Round "2"]
[White "Freitas, Romeu Salvador"]
[Black "Mugenato, Thiago Ricardo"]
[Result "1-0"]
[WhiteElo "2183"]
[BlackElo "1939"]
[PlyCount "71"]
[EventDate "2011.03.23"]
[EventType "tourn"]
[EventRounds "11"]
[EventCountry "BRA"]
[SourceTitle "EXT 2022"]
[Source "ChessBase"]
[SourceDate "2021.10.06"]
[SourceVersion "1"]
[SourceVersionDate "2021.10.06"]
[SourceQuality "1"]

1. e4 g6 2. Nf3 Bg7 3. Nc3 b6 4. Bc4 Bb7 5. d3 e6 6. 0-0 Ne7 7. d4 0-0 8. Bb3 d5 9. e5 Nd7 10. Bg5 h6 11. Bf4 a6 12. Qd2 Kh7 13. Ne2 c5 14. c3 c4 15. Bc2 b5 16. g4 a5 17. Ng3 Ng8 18. g5 h5 19. Nxh5 Ne7 20. Nf6+ Bxf6 21. gxf6 Nf5 22. Ng5+ Kg8 23. Bxf5 exf5 24. Qe3 Nxf6 25. exf6 Qxf6 26. Qh3 Qg7 27. Be5 f6 28. Ne6 Qe7 29. Nxf8 fxe5 30. Qh8+ Kxh8 31. Nxg6+ Kg7 32. Nxe7 Kf6 33. dxe5+ Kxe7 34. f4 Rg8+ 35. Kf2 Rg4 36. Ke3 1-0

[Event "Itu LCX 20th"]
[Site "Itu"]
[Date "2010.08.26"]
[Round "12"]
[White "Mugenato, Thiago Ricardo"]
[Black "Faria, Marcio Roberto"]
[Result "1-0"]
[WhiteElo "1956"]
[BlackElo "1773"]
[PlyCount "85"]
[EventDate "2010.08.14"]
[EventType "tourn"]
[EventRounds "13"]
[EventCountry "BRA"]
[SourceTitle "EXT 2022"]
[Source "ChessBase"]
[SourceDate "2021.10.06"]
[SourceVersion "1"]
[SourceVersionDate "2021.10.06"]
[SourceQuality "1"]

1. e4 c5 2. Nf3 d6 3. d4 cxd4 4. Qxd4 a6 5. c4 Nc6 6. Qd2 Nf6 7. Nc3 g6 8. b3 Bg7 9. Bb2 0-0 10. Bd3 Ng4 11. 0-0 Nge5 12. Nxe5 Nxe5 13. Be2 Bd7 14. Qe3 b5 15. cxb5 axb5 16. Qd2 Rb8 17. f4 Nc6 18. Nd5 Bxb2 19. Qxb2 Be6 20. Rad1 Bxd5 21. exd5 Na7 22. f5 f6 23. fxg6 hxg6 24. Bg4 f5 25. Bf3 Rf7 26. Rde1 Nc8 27. Kh1 Nb6 28. g4 fxg4 29. Bxg4 Rf6 30. Rxf6 exf6 31. Be6+ Kg7 32. Qd4 Nd7 33. Qa7 Ra8 34. Qxd7+ Qxd7 35. Bxd7 Rxa2 36. Bxb5 Rb2 37. Bc4 f5 38. Re6 f4 39. Rxd6 f3 40. h4 Kh6 41. Rf6 f2 42. Kg2 Kh5 43. Rxf2 1-0

[Event "Itu LCX 20th"]
[Site "Itu"]
[Date "2010.08.15"]
[Round "3"]
[White "Freitas, Romeu Salvador"]
[Black "Mugenato, Thiago Ricardo"]
[Result "1-0"]
[WhiteElo "2145"]
[BlackElo "1956"]
[PlyCount "57"]
[EventDate "2010.08.14"]
[EventType "tourn"]
[EventRounds "13"]
[EventCountry "BRA"]
[SourceTitle "EXT 2022"]
[Source "ChessBase"]
[SourceDate "2021.10.06"]
[SourceVersion "1"]
[SourceVersionDate "2021.10.06"]
[SourceQuality "1"]

1. d4 d5 2. c4 e6 3. Nc3 Nf6 4. Bg5 Be7 5. Nf3 Nbd7 6. e3 h6 7. Bh4 0-0 8. Be2 c5 9. 0-0 a6 10. Rb1 Qc7 11. dxc5 Nxc5 12. cxd5 Rd8 13. b4 Nxd5 14. Nxd5 Rxd5 15. Qc1 b5 16. Bxe7 Qxe7 17. bxc5 Rxc5 18. Qa3 Qc7 19. Rbc1 Rxc1 20. Rxc1 Qd8 21. Bxb5 Bb7 22. Be2 Rb8 23. h3 a5 24. Rd1 Qb6 25. Qe7 Rf8 26. Rd7 Qb1+ 27. Kh2 Qxa2 28. Bd3 Bxf3 29. Rd8 1-0

[Event "Itu LCX 19th"]
[Site "Itu"]
[Date "2010.05.15"]
[Round "8"]
[White "Mugenato, Thiago Ricardo"]
[Black "Dos Santos, Erickson Cristiano"]
[Result "0-1"]
[WhiteElo "1937"]
[BlackElo "1722"]
[PlyCount "92"]
[EventDate "2010.05.15"]
[EventType "tourn"]
[EventRounds "11"]
[EventCountry "BRA"]
[SourceTitle "EXT 2022"]
[Source "ChessBase"]
[SourceDate "2021.10.06"]
[SourceVersion "1"]
[SourceVersionDate "2021.10.06"]
[SourceQuality "1"]

1. e4 e6 2. Nf3 d5 3. Nc3 Be7 4. d4 Nc6 5. e5 Bd7 6. Be2 f6 7. 0-0 fxe5 8. dxe5 Bc5 9. a3 Nge7 10. Bd3 0-0 11. Ng5 g6 12. Qe2 Nf5 13. Bd2 Qe7 14. Kh1 Ncd4 15. Qg4 h5 16. Qh3 Qg7 17. f4 Be7 18. Nf3 Nxf3 19. Rxf3 c5 20. Bxf5 Rxf5 21. Qg3 Bc6 22. Rff1 d4 23. Ne2 Rd8 24. Ng1 c4 25. Nf3 d3 26. cxd3 Rxd3 27. Bc3 Qf7 28. Bd2 Bxf3 29. Rxf3 Rxd2 30. Raf1 h4 31. Qe1 Rd3 32. Qe2 Rxf3 33. Qxf3 b5 34. Qe4 Bf8 35. h3 Bg7 36. Rf3 Bh6 37. a4 bxa4 38. Qxc4 Rxf4 39. Rxf4 Qxf4 40. Qxe6+ Kh7 41. Qd7+ Bg7 42. e6 Qc1+ 43. Kh2 Qe1 44. Qf7 Kh6 45. Qf4+ g5 46. Qf7 Be5+ 0-1

[Event "Campinas Labegalini Memoria 16th"]
[Site "Campinas"]
[Date "2009.09.07"]
[Round "11"]
[White "Mugenato, Thiago Ricardo"]
[Black "Freitas, Romeu Salvador"]
[Result "1-0"]
[WhiteElo "1937"]
[BlackElo "2204"]
[PlyCount "91"]
[EventDate "2009.08.07"]
[EventType "tourn"]
[EventRounds "11"]
[EventCountry "BRA"]
[SourceTitle "EXT 2022"]
[Source "ChessBase"]
[SourceDate "2021.10.06"]
[SourceVersion "1"]
[SourceVersionDate "2021.10.06"]
[SourceQuality "1"]

1. Nf3 g6 2. c4 Bg7 3. d4 Nf6 4. g3 0-0 5. Bg2 d6 6. 0-0 Bf5 7. b3 Qd7 8. Bb2 Bh3 9. Nbd2 Bxg2 10. Kxg2 Nc6 11. Bc3 d5 12. Qc2 Rad8 13. Rad1 Rfe8 14. e4 e6 15. cxd5 exd5 16. e5 Nh5 17. h3 f6 18. exf6 Bxf6 19. Rfe1 Ng7 20. Ne5 Qc8 21. Nxc6 bxc6 22. Nf3 Qf5 23. Qxf5 Nxf5 24. Ne5 Bxe5 25. dxe5 d4 26. g4 dxc3 27. Rxd8 Rxd8 28. gxf5 gxf5 29. Re3 c2 30. Rc3 Rd2 31. Rxc6 Kf7 32. Kf3 Ke7 33. Ke3 c1Q 34. Rxc1 Rxa2 35. Rxc7+ Ke6 36. f4 Ra3 37. Rxh7 Rxb3+ 38. Kd4 Rb4+ 39. Ke3 Rb3+ 40. Kf2 a5 41. Rh6+ Kd5 42. Rd6+ Ke4 43. e6 Kxf4 44. Rd4+ Ke5 45. e7 Rb8 46. Rd8 1-0

[Event "Campinas Labegalini Memoria 16th"]
[Site "Campinas"]
[Date "2009.08.21"]
[Round "6"]
[White "Milanelo, Carlos Alberto"]
[Black "Mugenato, Thiago Ricardo"]
[Result "1/2-1/2"]
[WhiteElo "2011"]
[BlackElo "1937"]
[PlyCount "139"]
[EventDate "2009.08.07"]
[EventType "tourn"]
[EventRounds "11"]
[EventCountry "BRA"]
[SourceTitle "EXT 2022"]
[Source "ChessBase"]
[SourceDate "2021.10.06"]
[SourceVersion "1"]
[SourceVersionDate "2021.10.06"]
[SourceQuality "1"]

1. d4 d5 2. Nf3 Nf6 3. c4 dxc4 4. Nc3 Bf5 5. e3 e6 6. Bxc4 c5 7. 0-0 cxd4 8. Qxd4 Qxd4 9. Nxd4 a6 10. Nxf5 exf5 11. Bd2 Nc6 12. Rfd1 Bc5 13. h3 Ke7 14. Nd5+ Nxd5 15. Bxd5 Rac8 16. Rac1 Bb6 17. Bxc6 Rxc6 18. Rxc6 bxc6 19. Bb4+ c5 20. Ba3 Rd8 21. Rxd8 Kxd8 22. b3 Kd7 23. Kf1 Kc6 24. Ke2 Kd5 25. Kd3 h5 26. f3 g6 27. e4+ fxe4+ 28. fxe4+ Ke5 29. Kc4 Kxe4 30. Bxc5 Bxc5 31. Kxc5 Ke3 32. Kb6 Kf2 33. Kxa6 Kxg2 34. b4 f5 35. b5 f4 36. b6 f3 37. b7 f2 38. b8Q f1Q+ 39. Qb5 Qxb5+ 40. Kxb5 Kxh3 41. a4 g5 42. a5 g4 43. a6 g3 44. a7 g2 45. a8Q g1Q 46. Qf3+ Kh4 47. Qf4+ Qg4 48. Qh2+ Kg5 49. Qd2+ Kg6 50. Qd6+ Kg5 51. Qe7+ Kf4 52. Qd6+ Kf3 53. Qd1+ Kf4 54. Qd2+ Kf5 55. Qd7+ Kg5 56. Qe7+ Kf4 57. Qd6+ Kf3 58. Qd3+ Kg2 59. Qd2+ Kg3 60. Qe3+ Kh4 61. Qe1+ Qg3 62. Qh1+ Qh3 63. Qe4+ Qg4 64. Qe1+ Kg5 65. Qe7+ Kf4 66. Qd6+ Ke4 67. Qb4+ Kf3 68. Qc3+ Kg2 69. Qd2+ Kg3 70. Qe1+ 1/2-1/2